|
|
|
|
| LEADER |
00819nam a2200253 a 4500 |
| 001 |
adlib96000001 |
| 003 |
ViArRB |
| 005 |
20151026132315.0 |
| 008 |
960221s1955 dcuabcdjdbkoqu001 0deng d |
| 020 |
|
|
|a 0849372445
|
| 022 |
|
|
|
| 040 |
|
|
|a Adlib
|
| 082 |
|
|
|a 664-5
|
| 245 |
|
|
|a Measurement and control in food processing
|
| 250 |
|
|
|
| 260 |
|
|
|a Boca Raton
|b Taylor & Francis
|c 2007
|
| 300 |
|
|
|a vii,340p
|
| 500 |
|
|
|a
|
| 100 |
|
|
|a Bhuyan, Manabendra
|
| 700 |
|
|
|
| 942 |
|
|
|c BK
|6 _
|
| 653 |
|
|
|a Food processing- measurement and control
|a Measurement and control- food processing
|a Food industry and trade
|a Food processing- measuring devices
|a Food processing-controlling devices
|
| 999 |
|
|
|c 45897
|d 45897
|
| 952 |
|
|
|0 0
|1 0
|4 0
|6 6645_BHU
|7 0
|9 58357
|a UL
|b UL
|d 2010-06-16
|o 664-5 BHU
|p 00058216
|r 2010-06-16
|w 2010-06-16
|y BK
|